| 000 | 01289nam0a22002771 4500 | ||
|---|---|---|---|
| 001 | v19\rc\1788650 | ||
| 005 | 20250619075424.0 | ||
| 035 | _a(NLR Aleph) 004880730 | ||
| 090 |
_a5167219 _c5167219 |
||
| 100 | _a20061204d1905 |||y0rusy50 ca | ||
| 101 | 0 | _arus | |
| 102 | _aRU | ||
| 105 | _ay z ||||| | ||
| 200 | 1 |
_aЖитие преп. Аврамия Смоленского _eПо списку 16 в., заключающемуся в прологе сб. Сийского Антониева монастыря, хранящемся в настоящее время в древнехранилище Арханг. епарх. церк.-археол. ком. _f[Г. Бугославский] |
|
| 210 |
_aСмоленск _cпаровая типо-лит. Я.Н. Подземского _d1905 |
||
| 215 |
_a30 с. _d23 |
||
| 300 | _aАвт. указан в конце текста | ||
| 532 | 1 | 2 | _aЖитие преподобного Аврамия Смоленского |
| 700 | 1 |
_aБугославский _bГ.К. _gГригорий Кириллович |
|
| 702 | 0 |
_aАвраамий _cсв. смоленский _f12-13 в. _4570 |
|
| 801 | 0 |
_aRU _bNLR _gpsbo |
|
| 801 | 0 |
_aRU _bRuMoRGB _2psbo |
|
| 801 | 1 |
_aRU _bProSoft-M _2rusmarc |
|
| 852 |
_aNLR _j62-6/8378 |
||
| 942 | _cBOOK | ||
| 980 | _aNB | ||